Technologija keramičeskich dielektrikov

Salvato in:
Dettagli Bibliografici
Autore principale: Okadzaki, Kiyoshi (Autore)
Natura: Libro
Lingua:russo
Pubblicazione: Moskva : Energija, 1976
Tags: Aggiungi Tag
Nessun Tag, puoi essere il primo ad aggiungerne!!

MARC

LEADER 00000nam a22000003a 4500
001 stu196074
005 20150617230028.6
008 091119s1976----xxr-----------------rus-d
040 |a STU  |b slo 
041 0 |a rus 
044 |a xxr 
080 |a 621.315.612.5 
080 |a 666.638 
100 1 |a Okadzaki, Kiyoshi  |4 aut 
245 1 |a Technologija keramičeskich dielektrikov 
260 |a Moskva :  |b Energija,  |c 1976 
300 |a 335 s 
996 |b E42648  |c E*42648  |l EE05  |s P  |a 0  |w stu196074_0001 
996 |b E39115  |c E*39115  |l EE05  |s P  |a 0  |w stu196074_0002 
996 |b E40538  |c E*40538  |l EE05  |s P  |a 0  |w stu196074_0003